31 'B R' Things Quiz Stats

 Plays Quiz Updated May 4, 2016

Also try: Most Common Nouns
Challenge
Share
Tweet
Embed
Score 0/31 Timer 07:00
2 Plays Today
% Correct
Baltimore Ravens
97.2%
Birth Rate
95.2%
Blu-ray
95.1%
Baskin-Robbins
94.2%
Brown Rice
93.2%
Back Rent
92.7%
Beef Rib
91.7%
Brick Road
91.5%
Billiard Room
91.1%
Blue Ribbon
89%
Best Regards
88.6%
Bragging Rights
88.1%
Big Red
87.8%
Busta Rhymes
86.4%
Boxing Ring
85.9%
Burt Reynolds
85.2%
% Correct
Baby Ruth
84.6%
Booster Rocket
83.6%
Boo Radley
83.4%
Babe Ruth
83.3%
Bank Robbers
82.3%
Blade Runner
80.8%
Bad Religion
79.9%
Bell Ringer
79.5%
Birmingham Roller
79.3%
Bobby Riggs
77.1%
Basil Rathbone
76.3%
Bob Ross
75.9%
Bull Run
73.9%
Bonnie Raitt
66.7%
Barrel Racing
59.6%

You're not logged in!

Compare scores with friends on all Sporcle quizzes.
OR
Log In

You Might Also Like...

Show Comments

Extras

Top Quizzes Today


Score Distribution

Your Account Isn't Verified!

In order to create a playlist on Sporcle, you need to verify the email address you used during registration. Go to your Sporcle Settings to finish the process.

Report this User

Report this user for behavior that violates our Community Guidelines.

Details: